| 000 | 00559 a2200169 4500 | ||
|---|---|---|---|
| 003 | Nust | ||
| 005 | 20221220122046.0 | ||
| 040 | _cNust | ||
| 082 | _a133.092, HAM | ||
| 100 |
_aCheiro _9105351 |
||
| 245 |
_aMysteries and Romances of the Worlds Greatest Occultists _cCheiro |
||
| 260 |
_alondon _bHerbert _c1935 |
||
| 300 | _a319,p.; | ||
| 505 | _aPreface (Page-11), An Account of My Own Personnel Experience with some of the Occult Celebrities of Recent Years (Page-141), The Story of Alchemy (Page-285). | ||
| 650 |
_aromances _9105352 |
||
| 942 |
_2ddc _cBK |
||
| 999 |
_c193732 _d193732 |
||